Southville International School and Colleges
Your cart is empty.
  • Cart
  • Lists
    Public lists Eva Luna New books Lux_list list_1
    Your lists Log in to create your own lists
  • Log in to your account
  • Your cookies
  • Search history
Southville International School and Colleges
  • Advanced search
  • Recent comments
  • Most popular
  • Libraries

Log in to your account

Log in with GOOGLE


If you do not have an external account, but do have a local account, you can still log in:

  1. Home
  2. MARC view: Blackbird fly /
Normal view MARC view ISBD view

Blackbird fly / (Record no. 368628)

[ view plain ]
MARC details
000 -LEADER
fixed length control field 00965nam a22002417a 4500
003 - CONTROL NUMBER IDENTIFIER
control field 0
005 - DATE AND TIME OF LATEST TRANSACTION
control field 20251113143707.0
008 - FIXED-LENGTH DATA ELEMENTS--GENERAL INFORMATION
fixed length control field 251113b xxu||||| |||| 00| 0 eng d
020 ## - INTERNATIONAL STANDARD BOOK NUMBER
International Standard Book Number 978-0-545-92408-5
050 ## - LIBRARY OF CONGRESS CALL NUMBER
Classification number PZ 7.1
Item number .K45 Bl 2015
100 ## - MAIN ENTRY--PERSONAL NAME
Personal name Kelly, Erin Entrada,
Relator term author.
245 ## - TITLE STATEMENT
Title Blackbird fly /
Statement of responsibility, etc Erin Entrada Kelly.
260 ## - PUBLICATION, DISTRIBUTION, ETC. (IMPRINT)
Place of publication, distribution, etc New York :
Name of publisher, distributor, etc Scholastic Inc.,
Date of publication, distribution, etc 2015.
300 ## - PHYSICAL DESCRIPTION
Extent 296 pages ;
Dimensions 20 cm.
520 ## - SUMMARY, ETC.
Summary, etc In a small Louisiana town, Apple Yengko, a Filipino American girl, struggles with bullying and isolation after being placed on the “Dog Log,” until she finds the courage to follow her passion for music and stay true to herself.<br/>
650 ## - SUBJECT ADDED ENTRY--TOPICAL TERM
Topical term or geographic name as entry element Bullying
Form subdivision Juvenile fiction.
650 ## - SUBJECT ADDED ENTRY--TOPICAL TERM
Topical term or geographic name as entry element Friendship
Form subdivision Juvenile fiction.
650 ## - SUBJECT ADDED ENTRY--TOPICAL TERM
Topical term or geographic name as entry element Self-acceptance
Form subdivision Juvenile fiction.
650 ## - SUBJECT ADDED ENTRY--TOPICAL TERM
Topical term or geographic name as entry element Filipino Americans
Form subdivision Juvenile fiction.
650 ## - SUBJECT ADDED ENTRY--TOPICAL TERM
Topical term or geographic name as entry element Middle schools
Form subdivision Juvenile fiction.
650 ## - SUBJECT ADDED ENTRY--TOPICAL TERM
Topical term or geographic name as entry element Realistic fiction.
942 ## - ADDED ENTRY ELEMENTS (KOHA)
Source of classification or shelving scheme Library of Congress Classification
Koha item type Books
Holdings
Withdrawn status Lost status Source of classification or shelving scheme Damaged status Home library Current library Shelving location Date acquired Source of acquisition Sub Shelving location Total Checkouts Full call number Barcode Date last seen Price effective from Koha item type
    Library of Congress Classification   Luxembourg Library Luxembourg Library Fiction Section 02/06/2025 Donation     PZ 7.1 .K45 Bl 2015 21322 11/13/2025 11/13/2025 Books

Blackbird fly /

APA

Kelly E. E., . (2015). Blackbird fly. New York: Scholastic Inc.

Chicago

Kelly Erin Entrada, . 2015. Blackbird fly. New York: Scholastic Inc.

Harvard

Kelly E. E., . (2015). Blackbird fly. New York: Scholastic Inc.

MLA

Kelly Erin Entrada, . Blackbird fly. New York: Scholastic Inc. 2015.

  • Place hold
  • Print
  • Cite
  • Add to your cart (remove)
  • Save record
    BIBTEX Dublin Core MARCXML MARC (non-Unicode/MARC-8) MARC (Unicode/UTF-8) MARC (Unicode/UTF-8, Standard) MODS (XML) RIS
  • More searches
    Search for this title in:
    Other Libraries (WorldCat) Other Databases (Google Scholar) Online Stores (Bookfinder.com) Open Library (openlibrary.org)

Exporting to Dublin Core...

SOUTHVILLE LIBRARY

Southville International School and Colleges Library

1281 Tropical Ave. Cor. Luxembourg St., BF Homes International, Las Pinas City

Tel. No. 8256374 / 252358 Loc. 117/146

Powered by Koha